000 00945cam a2200313 i 4500
001 768714001
003 CO-MdFUSB
005 20241204124041.0
007 ta
008 241204t1984 -us||||| |||| 00| 0 spa d
020 _a0-8297-0622-4
040 _cCO-MdFUSB
041 0 _aspa
082 0 4 _223
_a237
_bL9628a
100 1 _aLundstrom, Lowell
_eautor
245 1 0 _aY ahora ¿Qué vendrá? :
_bUn emocionante vislumbre del futuro planeado por Dios para usted
_c/ Lowell Lundstrom ; traducido por Francisco Liévano R
264 1 _aMiami, FL., USA :
_bVida,
_c[1984]
264 4 _c©1984
300 _a304 páginas
336 _atexto
_btxt
_2rdacontent
337 _2rdamedia
_asin mediación
_bn
338 _2rdacarrier
_avolumen
_bnc
500 _aTítulo original : What's coming next?
563 _aRustico
653 _aEscatología
700 _aLiévano R, Francisco
_911185
_eTraductor
942 _cBK
945 _aMiguel
999 _c35181
_d35181